000 00406nam a22001697a 4500
003 MPLRDC
005 20220104153938.0
008 210129b ||||| |||| 00| 0 eng d
082 _a857.4521 CDF v.1
100 _a蔡东藩
245 _a前汉演义. 上册
_c
250 _a再版
260 _a
_b香港太平书局
_c1974
300 _b
650 _a历史小说
942 _cBK
_o857.4521 CDF v.1
999 _c53705
_d53695